<?xml version="1.0" encoding="UTF-8"?>
<record
    xmlns:xsi="http://www.w3.org/2001/XMLSchema-instance"
    xsi:schemaLocation="http://www.loc.gov/MARC21/slim http://www.loc.gov/standards/marcxml/schema/MARC21slim.xsd"
    xmlns="http://www.loc.gov/MARC21/slim">

  <leader>00997nam a2200277 u 4500</leader>
  <controlfield tag="001">000039516</controlfield>
  <controlfield tag="005">20200120222338.0</controlfield>
  <controlfield tag="008">100708s2007    sp a   ar|    000 1 spa d</controlfield>
  <datafield tag="020" ind1=" " ind2=" ">
    <subfield code="a">9788493486358</subfield>
  </datafield>
  <datafield tag="043" ind1=" " ind2=" ">
    <subfield code="a">e--sp---</subfield>
  </datafield>
  <datafield tag="090" ind1=" " ind2=" ">
    <subfield code="a">A</subfield>
    <subfield code="b">SAE</subfield>
  </datafield>
  <datafield tag="100" ind1="1" ind2=" ">
    <subfield code="a">S&#xE1;ez Cast&#xE1;n, Javier</subfield>
  </datafield>
  <datafield tag="245" ind1="1" ind2="3">
    <subfield code="a">La merienda del se&#xF1;or verde /</subfield>
    <subfield code="c">Javier Sa&#xE9;z Cast&#xE1;n ; edici&#xF3;n : Mar&#xED;a Cecilia Silva-D&#xED;az ; dise&#xF1;o y direcci&#xF3;n : Irene Savino ; traducci&#xF3;n : Marta Carreras.</subfield>
  </datafield>
  <datafield tag="250" ind1=" " ind2=" ">
    <subfield code="a">1a. ed.</subfield>
  </datafield>
  <datafield tag="260" ind1=" " ind2=" ">
    <subfield code="a">Barcelona :</subfield>
    <subfield code="b">Ekar&#xE9;,</subfield>
    <subfield code="c">2007.</subfield>
  </datafield>
  <datafield tag="300" ind1=" " ind2=" ">
    <subfield code="a">[30] p. :</subfield>
    <subfield code="b">il., col.</subfield>
  </datafield>
  <datafield tag="500" ind1=" " ind2=" ">
    <subfield code="a">Ej.2 de biblioparque Funza : 2a. ed. del 2010.</subfield>
  </datafield>
  <datafield tag="500" ind1=" " ind2=" ">
    <subfield code="a">Ej.1 de la Biblioteca Carlos E. Restrepo pertenece a la colecci&#xF3;n donada por Bibliored.</subfield>
  </datafield>
  <datafield tag="650" ind1="1" ind2="4">
    <subfield code="a">Cuento infantil</subfield>
  </datafield>
  <datafield tag="650" ind1="2" ind2="4">
    <subfield code="a">Literatura infantil</subfield>
  </datafield>
  <datafield tag="650" ind1="2" ind2="4">
    <subfield code="a">Literatura espa&#xF1;ola</subfield>
  </datafield>
  <datafield tag="650" ind1="2" ind2="4">
    <subfield code="a">Colores en la literatura</subfield>
  </datafield>
  <datafield tag="700" ind1="1" ind2=" ">
    <subfield code="a">Silva-D&#xED;az, Mar&#xED;a Cecilia,</subfield>
    <subfield code="e">ed.</subfield>
  </datafield>
  <datafield tag="700" ind1="1" ind2=" ">
    <subfield code="a">Savino, Irene,</subfield>
    <subfield code="e">dise.</subfield>
  </datafield>
  <datafield tag="700" ind1="1" ind2=" ">
    <subfield code="a">Carreras, Marta,</subfield>
    <subfield code="e">tr.</subfield>
  </datafield>
  <datafield tag="999" ind1=" " ind2=" ">
    <subfield code="c">2413</subfield>
    <subfield code="d">2413</subfield>
  </datafield>
  <datafield tag="952" ind1=" " ind2=" ">
    <subfield code="0">0</subfield>
    <subfield code="1">0</subfield>
    <subfield code="2">ddc</subfield>
    <subfield code="4">0</subfield>
    <subfield code="7">0</subfield>
    <subfield code="8">LI</subfield>
    <subfield code="a">BPMOS</subfield>
    <subfield code="b">BPMOS</subfield>
    <subfield code="c">FIC</subfield>
    <subfield code="d">2024-10-30</subfield>
    <subfield code="e">Compra</subfield>
    <subfield code="i">110179</subfield>
    <subfield code="l">0</subfield>
    <subfield code="o">A SAE</subfield>
    <subfield code="p">MOS006277</subfield>
    <subfield code="r">2026-03-25</subfield>
    <subfield code="t">Ej.1</subfield>
    <subfield code="w">2024-10-30</subfield>
    <subfield code="y">BKLIT</subfield>
    <subfield code="z">Quince dias</subfield>
  </datafield>
</record>
